000 00499nam a2200181Ia 4500
003 GCL
008 140319s9999 xx 000 0 eng d
040 _aGCL /
_cGCL
082 0 4 _a658.4012
_bW S
100 1 _aWHEELEN, THOMAS L
245 1 0 _aSTRATEGIC MANAGEMENT AND BUSINESS POLICY /
_cWHEELEN, THOMAS L
260 _a[S.N] :
_bADDISON - WESLEY PUBLISHING COMPANY ،
_c1989
300 _a1096
650 0 4 _aMANAGEMENT
650 0 4 _aSTRATEGIC PLANNING
650 0 4 _aBUSINESS
942 _2ddc
_cBK
999 _c17291
_d17291